Učitavanje...
Production and operations management
| Glavni autor: | |
|---|---|
| Daljnji autori: | |
| Format: | Printed Book |
| Izdano: |
Mumbai
Himalaya Publishing House
2012
|
| LEADER | 00507nam a22001457a 4500 | ||
|---|---|---|---|
| 020 | |a 9789350514320 | ||
| 082 | |a 658.4034 |b ASW/PR | ||
| 100 | |a Aswathappa, K | ||
| 245 | |a Production and operations management | ||
| 260 | |a Mumbai |b Himalaya Publishing House |c 2012 | ||
| 300 | |a 656p | ||
| 700 | |a Shridhara Bhat K | ||
| 942 | |c BK | ||
| 999 | |c 42153 |d 42153 | ||
| 952 | |0 0 |1 0 |4 0 |6 658_403400000000000_ASWPR |7 0 |8 NFIC |9 55764 |a KAUAET |b KAUAET |c GEN |d 2013-03-30 |e Minerva Books |o 658.4034 ASW/PR |p KAU_KCAET-23781 |r 2013-04-06 |w 2013-04-06 |y BK | ||